00961nam a2200169 a 4500020002700000020003000027082001200057100001900069245002600088250001200114260003600126300001400162520050100176650002400677700002000701856007000721 a0716739232 (hardcover) a9780716739234 (hardcover) a540 ATK1 aAtkins, Peter.10aChemical principles : a2nd ed. a[S.l.] :bW. H. Freeman,c2001. a1024 p. ; aWritten for general chemistry courses, this text should help students to develop chemical insight by showing the connections between chemical principles and their applications, both in the laboratory and the world around us. the author begin with a detailed picture of the atom before moving on to the macroscopic topics of thermodynamics and kinetics. They continually demonstrate how to solve problems and encourage students to question, reason and think visually about the concepts they learn. achemical principles1 aJones, Loretta.40uhttp://www.amazon.com/exec/obidos/ASIN/0716739232/chopaconline-20